000 00681nam a2200253Ia 4500
003 OSt
005 20221005040122.0
006 a|||||r|||| 00| 0
007 ta
008 221004b |||||||| |||| 00| 0 urd d
020 _c35
024 _a31483
037 _cTextual
040 _aCRL
_cCRL
_burd
041 _2urd
_aurd
082 _aO168,3N25,AM, M7
100 _aRahat Om krishan Au.
_9587817
245 0 _aApne markaz ki taraf
260 _aDelhi
_bModern publishing house India
_c1987
300 _a144p.
_ccm.
650 _aURDU FICTION
_93298
942 _hO168,3N25,AM, M7
_cTEXL
_2cc
999 _c946408
_d946408